000 00524nam a2200169 a 4500
001 000045910
005 20201002052522.0
008 150527s2010 dr ac 000 0 spa d
020 _a9789945873917
040 _aDO-SdBNP
_bspa
_cBNPHU
082 _axxxx
_bxxxx
100 1 _aLlano, Kilia,
_d1972-
_973981
245 1 0 _aLuli /
_cKilia Llano.
260 _aSanto Domingo :
_bTando Editorial,
_c2010.
300 _a[28] p. :
_bil., retrs. ;
_c19 cm.
500 _aIncluye datos biográficos de la autora en la solapa de la cubierta
999 _c45399
_d45399